Louis van Gaal's Manchester United - Statistics

General Stats
  • This quiz has been taken 17 times
  • The average score is 34 of 53
Answer Stats
Rank Player Position Nationality Matches Goals Assists % Correct
1 David de Gea Goalkeeper 92 0 0
100%
6 Ander Herrera Central Midfield 72 13 11
94%
12 Anthony Martial Centre-Forward 49 17 9
94%
9 Antonio Valencia Right-Back 57 0 7
94%
4 Chris Smalling Centre-Back 84 6 0
94%
2 Juan Mata Attacking Midfield 89 20 14
94%
11 Marcos Rojo Centre-Back 54 1 2
94%
7 Marouane Fellaini Central Midfield 65 11 3
94%
8 Michael Carrick Defensive Midfield 62 1 3
94%
5 Wayne Rooney Centre-Forward 78 29 12
94%
18 Ángel Di María Right Winger 32 4 11
88%
3 Daley Blind Centre-Back 85 4 6
88%
14 Jesse Lingard Attacking Midfield 41 6 4
88%
22 Luke Shaw Left-Back 28 0 1
88%
16 Matteo Darmian Right-Back 39 1 0
88%
13 Memphis Depay Centre-Forward 45 7 5
88%
17 Phil Jones Centre-Back 37 0 1
88%
20 Robin van Persie Centre-Forward 29 10 3
88%
23 Adnan Januzaj Right Winger 28 1 0
82%
36 Chicharito Centre-Forward 5 0 0
82%
26 Marcus Rashford Left Winger 18 8 2
82%
21 Radamel Falcao Centre-Forward 29 4 5
82%
34 Sergio Romero Goalkeeper 10 0 0
82%
46 Shinji Kagawa Attacking Midfield 1 0 0
82%
10 Ashley Young Right-Back 55 3 8
76%
19 Bastian Schweinsteiger Central Midfield 31 1 2
76%
31 Darren Fletcher Central Midfield 12 0 1
76%
27 Jonny Evans Centre-Back 17 0 0
76%
15 Morgan Schneiderlin Defensive Midfield 39 1 1
76%
42 Michael Keane Centre-Back 2 0 0
71%
33 Rafael Right-Back 11 0 1
71%
41 Víctor Valdés Goalkeeper 2 0 0
71%
44 Will Keane Centre-Forward 2 0 0
71%
29 Andreas Pereira Attacking Midfield 13 1 0
65%
35 Timothy Fosu-Mensah Right-Back 10 0 1
59%
32 Guillermo Varela Right-Back 11 0 1
53%
52 Nani Left Winger 1 0 0
53%
37 Danny Welbeck Centre-Forward 3 0 0
47%
24 Paddy McNair Centre-Back 27 0 0
47%
43 Anderson Central Midfield 2 0 0
41%
25 James Wilson Centre-Forward 19 2 0
41%
48 Tom Cleverley Central Midfield 1 0 0
41%
28 Cameron Borthwick-Jackson Left-Back 14 0 1
29%
30 Tyler Blackett Left-Back 12 0 0
29%
38 Nick Powell Attacking Midfield 3 0 0
24%
39 Donald Love Right-Back 2 0 0
18%
49 Reece James Left-Back 1 0 0
18%
53 James Weir Central Midfield 1 0 0
12%
40 Joe Riley Central Midfield 2 0 0
12%
47 Saidy Janko Right-Back 1 0 0
12%
50 Tom Thorpe Centre-Back 1 0 0
12%
45 Marnick Vermijl Left-Back 1 0 0
6%
51 Regan Poole Centre-Back 1 0 0
6%
No matching quizzes found
Score Distribution
Percent of People with Each Score
Percentile by Number Answered
Your Score History
You have not taken this quiz